Основы алгебры и аналитической геометрии: учебник

Detalhes bibliográficos
Autor principal: Ивлева А. М. Ася Михайловна
Outros Autores: Пинус А. Г. Александр Григорьевич, Чехонадских А. В. Александр Васильевич
Resumo:Учебник содержит материал, соответствующий стандартной программе высшей алгебры, линейной алгебры и аналитической геометрии всех факультетов НГТУ и других технических университетов. Благодаря простоте изложения книга может быть полезна для студентов-заочников, а также лекторов, читающих курс по этой тематике.
Idioma:russo
Publicado em: Новосибирск, Изд-во НГТУ, 2006
Colecção:Учебники НГТУ
Assuntos:
Formato: Livro
KOHA link:https://koha.lib.tpu.ru/cgi-bin/koha/opac-detail.pl?biblionumber=82595

MARC

LEADER 00000nam0a2200000 4500
001 82595
005 20231031095757.0
010 |a 5778204302 
035 |a (RuTPU)RU\TPU\book\88758 
090 |a 82595 
100 |a 20051004d2006 m y0rusy50 ca 
101 0 |a rus 
102 |a RU 
105 |a a j 001zy 
200 1 |a Основы алгебры и аналитической геометрии  |e учебник  |f А. М. Ивлева, А. Г. Пинус, А. В. Чехонадских 
210 |a Новосибирск  |c Изд-во НГТУ  |d 2006 
215 |a 270 с.  |c ил. 
225 1 |a Учебники НГТУ 
320 |a Предметный указатель: с. 264-267. 
330 |a Учебник содержит материал, соответствующий стандартной программе высшей алгебры, линейной алгебры и аналитической геометрии всех факультетов НГТУ и других технических университетов. Благодаря простоте изложения книга может быть полезна для студентов-заочников, а также лекторов, читающих курс по этой тематике. 
610 1 |a алгебра 
610 1 |a аналитическая геометрия 
610 1 |a учебники 
610 1 |a множества 
610 1 |a числа 
610 1 |a многочлены 
610 1 |a матрицы 
610 1 |a определители 
610 1 |a векторы 
610 1 |a линейные пространства 
610 1 |a линейные геометрические объекты 
610 1 |a линейные уравнения 
610 1 |a система линейных уравнений 
610 1 |a метод Гаусса 
610 1 |a линейные операторы 
610 1 |a евклидовы пространства 
610 1 |a кривые второго порядка 
610 1 |a поверхности второго порядка 
675 |a 512(075.8)  |v 3 
675 |a 514.12(075.8)  |v 3 
700 1 |a Ивлева  |b А. М.  |g Ася Михайловна 
701 1 |a Пинус  |b А. Г.  |g Александр Григорьевич 
701 1 |a Чехонадских  |b А. В.  |g Александр Васильевич 
801 1 |a RU  |b 63413507  |c 20051004  |g PSBO 
801 2 |a RU  |b 63413507  |c 20060621  |g PSBO 
942 |c BK 
959 |a 78/20051004  |d 2  |e 0  |f ЧЗТЛ:2